[Event "Challenge"]
[Site "http://www.queenalice.com/game.php?id=472039"]
[Date "2008.10.3"]
[Round "-"]
[White "danco69"]
[Black "eduardosouza"]
[Result "1-0"]
[WhiteElo "1659"]
[BlackElo "1156"]

1. e4 c5 2. d4 Qa5+ 3. Bd2 Qb6 4. dxc5 Qxb2 5. Bc3 Qb5 6. Bxb5 Nf6 7. Bxf6 gxf6
8. Nf3 a5 9. c4 Rg8 10. O-O Na6 11. Qd4 Nb4 12. Na3 Bh6 13. Rfd1 Nc2 14. Nxc2
Rg4 15. Bxd7+ Kf8 16. Bxg4 Bxg4 17. e5 f5 18. e6 fxe6 19. Qh8+ Kf7 20. Qxa8 Bg7
21. Rab1 e5 22. Rd5 a4 23. Qxb7 Kg6 24. Rb6+ Bf6 25. Qxe7 Kh5 26. Qf7+ Kh6 27.
Rxf6# 1-0

[Event "Challenge"]
[Site "http://www.queenalice.com/game.php?id=472676"]
[Date "2008.10.4"]
[Round "-"]
[White "eduardosouza"]
[Black "Claudio_C_A"]
[Result "0-1"]
[WhiteElo "1100"]
[BlackElo "1583"]

1. e4 g6 2. Nf3 Bg7 3. Be2 Nh6 4. h3 e5 5. b3 O-O 6. Nc3 c6 7. h4 f6 8. Bc4+ Kh8
9. Ba3 d6 10. Qe2 b5 11. Nxb5 cxb5 12. Bd3 a6 13. b4 Bg4 14. c4 Qb6 15. c5 dxc5
16. bxc5 Qc6 17. Rc1 Nd7 18. h5 gxh5 19. Rh4 Rab8 20. Bb4 Nb6 21. Qd1 Na4 22.
Rb1 Be6 23. Rxh5 Bxa2 24. Ra1 Bf7 25. Ba5 Bxh5 26. Qb3 Nxc5 27. Qb4 Nxd3+ 28.
Kd1 Nxb4 29. Bxb4 Rfd8 30. Ba5 Rdc8 31. d3 Qc2+ 32. Ke1 Rb6 33. Kf1 Qxd3+ 34.
Kg1 Rbc6 35. Bd2 Bxf3 36. gxf3 Qxf3 37. Rf1 Ng4 38. Bc3 Qh3 0-1

[Event "Top´as"]
[Site "http://www.queenalice.com/game.php?id=473651"]
[Date "2008.10.6"]
[Round "-"]
[White "sebastiam"]
[Black "eduardosouza"]
[Result "1-0"]
[WhiteElo "1594"]
[BlackElo "1100"]

1. g3 h5 2. Bg2 Nf6 3. Nh3 e5 4. O-O e4 5. e3 b6 6. d3 Ba6 7. b4 Bxb4 8. Bb2 c5
9. Nf4 Qc7 10. c4 Qd6 11. dxe4 Qc7 12. e5 Ne4 13. Bxe4 Bxc4 14. Bd3 Bxd3 15.
Nxd3 h4 16. gxh4 Rxh4 17. Qf3 f6 18. Qxa8 fxe5 19. Nxe5 d6 20. Ng6 d5 21. Nxh4
Kf7 22. Qxd5+ Ke7 23. Ng6+ Ke8 24. Rd1 1-0

[Event "Jogo_Feio"]
[Site "http://www.queenalice.com/game.php?id=477341"]
[Date "2008.10.15"]
[Round "-"]
[White "eduardosouza"]
[Black "ivanperez"]
[Result "1-0"]
[WhiteElo "1088"]
[BlackElo "1621"]

1. Nc3 d5 2. e3 e5 3. Nf3 Nc6 4. b3 Qf6 5. Nxd5 Qd6 6. Bc4 Nf6 7. Nxf6+ gxf6 8.
Bb2 Nb4 9. c3 Nd3+ 10. Bxd3 Qxd3 11. c4 Bb4 12. a3 Qxb3 13. Qxb3 Bc5 14. d4 Bd6
15. dxe5 Bc5 16. exf6 Rg8 17. Rd1 Rxg2 18. Rd2 b6 19. Qd3 Ba6 20. Qe4+ Kf8 21.
Qxa8+ Bc8 22. Qxc8# 1-0

[Event "Challenge"]
[Site "http://www.queenalice.com/game.php?id=481543"]
[Date "2008.10.23"]
[Round "-"]
[White "eduardosouza"]
[Black "joecolombo"]
[Result "0-1"]
[WhiteElo "1133"]
[BlackElo "1562"]

1. Nc3 d5 2. e3 d4 3. exd4 Qxd4 4. Bb5+ Bd7 5. Nf3 Qg4 6. h3 Qxg2 7. Ke2 Bc6 8.
Qg1 Qxf3+ 9. Ke1 Qf6 10. h4 Qe5+ 11. Kd1 Nd7 12. b3 Bf3+ 13. Ne2 Qxb5 14. Qe1 h5
15. Rh3 Ne5 16. c4 Qc6 17. d4 Nd3 18. Qd2 Nxf2+ 19. Ke1 Nxh3 20. d5 Qf6 21. Rb1
Qxh4+ 22. Kd1 Nf2+ 23. Kc2 Qe4+ 24. Kc3 Qxb1 25. Qe1 Qa1+ 26. Kd2 Qxa2+ 27. Kc3
Ne4+ 28. Kd4 c5+ 29. Ke5 Qa1+ 30. Kf4 Qf6+ 31. Ke3 Ng5 32. Qa5 Qe5+ 33. Kf2
Qxe2+ 34. Kg1 Qg2# 0-1

[Event "Revanche?"]
[Site "http://www.queenalice.com/game.php?id=481545"]
[Date "2008.10.23"]
[Round "-"]
[White "eduardosouza"]
[Black "ivanperez"]
[Result "0-1"]
[WhiteElo "1156"]
[BlackElo "1609"]

1. g4 Nf6 2. d4 Nxg4 3. a4 e5 4. Bh3 h5 5. c3 Qf6 6. Nf3 e4 7. Ne5 Nxf2 8. Qd2
Nxh1 9. Qe3 Rh6 10. Qxe4 Nf2 11. Qg2 g5 12. Bxd7+ Bxd7 13. Nxd7 Nxd7 14. Bxg5
Qg6 15. Nd2 Ng4 16. Qxb7 Rd8 17. Qxc7 Qxg5 18. h3 Ne3 19. Nf3 Qg2 20. Ne5 Re6
21. Nxd7 Nc2+ 22. Kd2 Qxe2+ 23. Kc1 Nxa1 24. Kb1 Rxd7 25. Qc8+ Rd8 26. Qc7 Nb3
27. Qb7 Qd1+ 28. Ka2 Re2 29. Qxa7 Qc2 30. Qa6 Qxb2# 0-1

[Event "TecChess"]
[Site "http://www.queenalice.com/game.php?id=492317"]
[Date "2008.11.12"]
[Round "1"]
[White "eduardosouza"]
[Black "joecolombo"]
[Result "0-1"]
[WhiteElo "1153"]
[BlackElo "1562"]

1. f4 e6 2. c3 Bd6 3. g3 e5 4. Nh3 Qf6 5. e3 exf4 6. gxf4 Qh4+ 7. Nf2 Nf6 8. Qa4
Ng4 9. Rg1 Qxf2+ 10. Kd1 Qxg1 11. Qe4+ Kd8 12. Qd3 Nf2+ 13. Ke2 Nxd3 14. Na3
Nxc1+ 15. Kd1 Qxf1+ 16. Kc2 Qd3+ 17. Kxc1 Qf1+ 18. Kc2 Qxa1 19. Nb1 Qxa2 20. e4
Bxf4 21. c4 Qxc4+ 22. Nc3 Re8 23. h3 Rxe4 24. h4 Bxd2 25. Kxd2 Rxh4 26. Ne2 Re4
27. b3 Rxe2+ 28. Kd1 Qc2# 0-1

[Event "Challenge"]
[Site "http://www.queenalice.com/game.php?id=499758"]
[Date "2008.11.28"]
[Round "-"]
[White "eduardosouza"]
[Black "dhiratsuka"]
[Result "0-1"]
[WhiteElo "1133"]
[BlackElo "1427"]

1. Nc3 e5 2. e4 d6 3. b3 Nh6 4. Ba3 Be7 5. Bb5+ c6 6. Bc4 b5 7. Nxb5 cxb5 8.
Bxb5+ Bd7 9. Qe2 a6 10. Bc4 Nc6 11. Nh3 Nd4 12. Qd3 Qc8 13. Ng5 Bxg5 14. Bd5
Nxc2+ 15. Ke2 Bg4+ 16. f3 Nxa1 17. Rxa1 Be6 18. Bxa8 Qxa8 19. Qxd6 Qd8 20. Qxe5
Qf6 21. Qb8+ Qd8 22. Qa7 Qxd2+ 23. Kf1 Qa5 24. b4 Qb5+ 25. Kf2 Qe5 26. Rc1 Bxc1
27. Bxc1 O-O 28. Qxa6 Qd4+ 29. Be3 Qb2+ 30. Kg3 Qxb4 31. Bf2 Qc3 32. Qd6 Qc8 33.
a3 g5 34. f4 Ng4 35. Bc5 Qb8 36. Qe7 Qb3+ 37. Be3 Qxe3# 0-1

[Event "Challenge"]
[Site "http://www.queenalice.com/game.php?id=502939"]
[Date "2008.12.4"]
[Round "-"]
[White "dhiratsuka"]
[Black "eduardosouza"]
[Result "1-0"]
[WhiteElo "1451"]
[BlackElo "1153"]

1. e4 Nf6 2. Nc3 c5 3. d4 cxd4 4. Qxd4 e6 5. f4 h5 6. Qc4 Nc6 7. Bd2 h4 8. f5
Rh5 9. Bf4 g5 10. fxg6 fxg6 11. Nb5 Qa5+ 12. c3 Rxb5 13. Qxb5 a6 14. Qd3 Qa4 15.
Bd6 Qxe4+ 16. Qxe4 Nxe4 17. Bxf8 Kxf8 18. h3 Ng3 19. Rh2 d5 20. Bd3 Ne5 21.
O-O-O Bd7 22. Nf3 Nxf3 23. gxf3 Be8 24. f4 Rc8 25. Re1 Rc6 26. a4 Bf7 27. b4
Rxc3+ 28. Kd2 d4 29. Rc1 Rxc1 30. Kxc1 Be8 31. a5 b5 32. Kd1 Bc6 33. Ke1 Bf3 34.
Kf2 Nh1+ 35. Kxf3 Ng3 36. Kg4 Kg7 37. Kxh4 Nh5 38. Kg5 Nf6 39. Bxg6 Nd7 40. h4
Nf8 41. Be4 Nd7 42. h5 Nf6 43. Bb7 d3 44. Bxa6 Ne4+ 45. Kg4 d2 46. Rxd2 Nxd2 47.
Bxb5 Ne4 48. a6 Nf6+ 49. Kg5 Ne4+ 50. Kg4 Nd6 51. Bd7 Kf7 52. a7 Ke7 53. Ba4 Nf7
54. a8=Q Nh6+ 55. Kg3 Nf5+ 56. Kh3 Ng7 57. h6 Nh5 58. h7 Nxf4+ 59. Kg4 e5 60.
h8=Q Ke6 61. Qc6+ Ke7 62. Qxe5+ Ne6 63. Qexe6+ Kf8 64. Qed6+ Kg7 65. Qdd7+ Kf8
66. Qcc8# 1-0

[Event "Welcome"]
[Site "http://www.queenalice.com/game.php?id=503874"]
[Date "2008.12.6"]
[Round "-"]
[White "brpaschoal"]
[Black "eduardosouza"]
[Result "1-0"]
[WhiteElo "1807"]
[BlackElo "1092"]

1. e4 e5 2. Nf3 Nf6 3. d3 d6 4. Bg5 d5 5. Bxf6 Qxf6 6. exd5 Qf5 7. Nc3 Qf4 8.
Be2 Bb4 9. Qd2 O-O 10. a3 Bc5 11. d4 g5 12. dxc5 a5 13. Qxf4 gxf4 14. Nxe5 f6
15. Ng4 h5 16. Bc4 Kg7 17. h3 Re8+ 18. Ne2 a4 19. O-O-O Ra5 20. Nxf4 Rxc5 21.
Ne3 1-0

[Event "New Game"]
[Site "http://www.queenalice.com/game.php?id=508997"]
[Date "2008.12.17"]
[Round "-"]
[White "Sk8"]
[Black "eduardosouza"]
[Result "1-0"]
[WhiteElo "1620"]
[BlackElo "1092"]

1. d4 Nf6 2. e3 e6 3. c3 g5 4. Nh3 h5 5. Bd3 g4 6. Ng5 d5 7. O-O Bh6 8. e4 Qd7
9. e5 h4 10. exf6 Nc6 11. Nh7 e5 12. dxe5 Nxe5 13. Bxh6 Rxh7 14. Bxh7 1-0